Statistiques concernant Quelle ville en Espagne ?

Cliquez ici pour prendre le quiz!

Statistiques générales

  • Ce quiz a été pris 19 016 fois
  • Le résultat moyen est 10 sur 20

Statistiques - réponses

descriptionlettreville% Correct
CapitaleMMadrid
100%
La plus grande ville de CatalogneBBarcelone
99%
Capitale de l'AndalousieSSéville
89%
La paella provient de cette ville sur la côte orientaleVValence
82%
Ville basque abritant le musée GuggenheimBBilbao
77%
Dernière ville musulmane en Espagne, on y trouve le palais de l'AlhambraGGrenade
70%
Station balnéaire populaire et île, dans les BaléaresIIbiza
68%
Grande ville du Sud de l'Europe et lieu de naissance de PicassoMMalaga
55%
Capitale de Galice et haut lieu de pélerinageSSaint-Jacques-de-
Compostelle
50%
Capitale de l'île de Gran Canaria(L)PLas Palmas
45%
On peut y courir avec les taureauxPPampelune
45%
Exclave autonome sur la côte marocaineCCeuta
40%
Ancienne capitale du califat d'Al-Andalus qui était l'une des plus grandes
villes du monde en 1000 av. J.-C.
CCordoue
37%
Exclave autonome sur la côte marocaineMMelilla
31%
Célèbre pour ses épées, ancienne capitale du paysTTolède
30%
Ville d'Aragon traversée par l'Ebre, plus grand fleuve du paysSSaragosse
29%
Ville andalouse renommée pour son vin de et son vinaigreJJerez de la Frontera
21%
Capitale des AsturiesOOviedo
21%
Ville de la Tour d'Hercule, un phare construit au IIème siècle(L)CLa Corogne
17%
Capitale et homonyme d'un ancien royaume du nord-ouest de l'EspagneLLeón
17%

Distribution des résultats

Percentile par nombre de réponses

% des personnes avec chaque résultat

Votre développement - résultats

Vous n’avez pas pris ce quiz